000 00245nam a2200097Ia 4500
001 1250087
005 20251031150849.0
008 251031s9999 xx 000 0 und d
245 0 _cESRA BULUT
_aY-6 TANISAN ÇOK SEVERSİN
260 _bERDEM ÇOCUK
999 _c1250087
_d1250087